Conference proceedings of the 5th West Coast Computer Faire : held in the Civic Auditorium & Brooks Hall in San Francisco, California, USA, March 14-16, 1980 /

Bibliographic Details
Corporate Author: West Coast Computer Faire San Francisco
Other Authors: Warren, Jim C.
Format: Conference Proceeding Book
Language:English
Published: Woodside, CA : Computer Faire, [1980]
Series:Best of the computer faires ; v. 5.
Subjects:

MARC

Tag First Indicator Second Indicator Subfields
LEADER 00000cam a2200000 a 4500
001 in00000079376
005 20151008060838.0
008 800624s1980 caua b 10010 eng
010 |a  80080515  
020 |z 93041804X 
035 |a (OCoLC)06455203 
035 |9 AAJ6712AM 
040 |a CSO  |c CSO  |d m.c.  |d TXA  |d UtOrBLW 
049 |a TXAM  |c [1407130] 
090 |a QA76.5  |b .W474 1980 
111 2 |a West Coast Computer Faire  |n (5th :  |d 1980 :  |c San Francisco) 
245 1 0 |a Conference proceedings of the 5th West Coast Computer Faire :  |b  held in the Civic Auditorium & Brooks Hall in San Francisco, California, USA, March 14-16, 1980 /  |c Jim C. Warren, Jr., editor. 
264 1 |a Woodside, CA :  |b Computer Faire,  |c [1980] 
264 4 |c ©1980 
300 |a 247 pages :  |b illustrations ;  |c 28 cm. 
336 |a text  |b txt  |2 rdacontent 
337 |a unmediated  |b n  |2 rdamedia 
338 |a volume  |b nc  |2 rdacarrier 
490 1 |a The Best of the computer faires ;  |v v. 5 
504 |a Includes bibliographical references. 
650 0 |a Electronic digital computers  |v Congresses. 
650 0 |a Electronic data processing  |v Congresses. 
650 0 |a Minicomputers  |v Congresses. 
650 0 |a Microprocessors  |v Congresses. 
700 1 |a Warren, Jim C. 
830 0 |a Best of the computer faires ;  |v v. 5. 
999 |a MARS 
999 f f |s 127b041d-7c83-3eb2-8a83-b1301995ed4a  |i 6e5fb1b3-a0c8-3403-a0f4-94844bcc99c8  |t 0 
952 f f |p ric  |a Texas A&M University  |b Rellis Campus  |c Joint Library Facility  |d Remote Storage  |t 0  |e QA76.5 .W474 1980  |h Library of Congress classification  |i unmediated -- volume  |m A14806201546 
998 f f |a QA76.5 .W474 1980  |t 0  |l Remote Storage